000 00326nam a2200145Ia 4500
100 _aMarty/Hall/ Larry Brown
250 _a2
942 _cBK
654 _acore serveles
245 _aCore Servelets and Java server Pages
260 _bPerson Education
_c2004
082 _a5.74
_bMAR
300 _a691
546 _aENGLISH
999 _c23661
_d23661